<?xml version="1.0" encoding="UTF-8"?>
<record
    xmlns:xsi="http://www.w3.org/2001/XMLSchema-instance"
    xsi:schemaLocation="http://www.loc.gov/MARC21/slim http://www.loc.gov/standards/marcxml/schema/MARC21slim.xsd"
    xmlns="http://www.loc.gov/MARC21/slim">

  <leader>01679nam a2200229Ia 4500</leader>
  <controlfield tag="001">b6513-46608 </controlfield>
  <controlfield tag="003">IT-MiCISF</controlfield>
  <controlfield tag="005">20240326145031.0</controlfield>
  <controlfield tag="008">161014s9999||||xx |||||||||||||| ||und||</controlfield>
  <datafield tag="040" ind1=" " ind2=" ">
    <subfield code="a">IT-MiCISF</subfield>
    <subfield code="c">IT-MiCISF</subfield>
  </datafield>
  <datafield tag="041" ind1=" " ind2=" ">
    <subfield code="a">it</subfield>
  </datafield>
  <datafield tag="100" ind1=" " ind2=" ">
    <subfield code="a">Anfossi Rosa (et al.)</subfield>
    <subfield code="9">60584</subfield>
  </datafield>
  <datafield tag="245" ind1=" " ind2="0">
    <subfield code="a">Strumenti narrativi per il successo formativo.</subfield>
    <subfield code="b">Percorsi e schede per gli insegnanti, i formatori e i consulenti di orientamento</subfield>
  </datafield>
  <datafield tag="260" ind1=" " ind2=" ">
    <subfield code="a"> Gardolo (TN), </subfield>
    <subfield code="b">Erickson, </subfield>
    <subfield code="c">2008</subfield>
  </datafield>
  <datafield tag="300" ind1=" " ind2=" ">
    <subfield code="a">pp. 190</subfield>
  </datafield>
  <datafield tag="500" ind1=" " ind2=" ">
    <subfield code="a">/ educazione, adolescenza, scuola, operatori, formazione / </subfield>
  </datafield>
  <datafield tag="520" ind1=" " ind2=" ">
    <subfield code="a">Il volume propone una serie di strumenti narrativi da utilizzare nel lavoro con gli adolescenti a scuola e nell'extrascuola allo scopo di promuovere il successo formativo degli studenti. Si tratta di strumenti che fanno riferimento alla relazione d'aiuto e alla narrazione, quali l'ascolto empatico, la produzione di testi (racconto orale, scrittura creativa e fotolinguaggio), l'ascolto e la visione di racconti. Gli strumenti - illustrati in specifiche schede - sono strutturati in progetti didattici caratterizzati da un filo conduttore narrativo e sono focalizzati sullo sviluppo delle competenze chiave per la cittadinanza attiva individuate dal Ministero della Pubblica Istruzione: imparare a imparare, progettare, comunicare, collaborare e partecipare, agire in modo autonomo e responsabile, risolvere problemi, individuare collegamenti e relazioni, acquisire e interpretare l'informazione.</subfield>
  </datafield>
  <datafield tag="650" ind1=" " ind2=" ">
    <subfield code="a"> Genitorialit&#xE0; e problemi educativi / educazione</subfield>
    <subfield code="e">004</subfield>
    <subfield code="9">60585</subfield>
  </datafield>
  <datafield tag="700" ind1=" " ind2=" ">
    <subfield code="a">Paolini A., Sciarretta F., Vidotto P. </subfield>
    <subfield code="9">60586</subfield>
  </datafield>
  <datafield tag="942" ind1=" " ind2=" ">
    <subfield code="c">BK</subfield>
    <subfield code="2">ddc</subfield>
  </datafield>
  <datafield tag="999" ind1=" " ind2=" ">
    <subfield code="c">210524</subfield>
    <subfield code="d">210524</subfield>
  </datafield>
  <datafield tag="999" ind1=" " ind2=" ">
    <subfield code="b">si</subfield>
  </datafield>
  <datafield tag="952" ind1=" " ind2=" ">
    <subfield code="0">0</subfield>
    <subfield code="1">0</subfield>
    <subfield code="4">0</subfield>
    <subfield code="6">B_651346608</subfield>
    <subfield code="7">1</subfield>
    <subfield code="a">CISF</subfield>
    <subfield code="b">CISF</subfield>
    <subfield code="d">2016-10-14</subfield>
    <subfield code="l">0</subfield>
    <subfield code="o">b6513-46608 </subfield>
    <subfield code="r">2016-10-14 00:00:00</subfield>
    <subfield code="w">2016-10-14</subfield>
    <subfield code="y">BK</subfield>
    <subfield code="z">Data import 15.10.2016 / by Epidotti, Vaglietti</subfield>
  </datafield>
</record>
